| 000 | 00926nam a2200265 a 4500 | ||
|---|---|---|---|
| 001 | BRCA_2554 | ||
| 005 | 20190320203849.0 | ||
| 008 | 261108s1948----sp-a---###---#000-0#spa-u | ||
| 041 | _aspa | ||
| 044 | _asp | ||
| 050 | 4 |
_aNK4670.7.S6 _b.S26 1948 |
|
| 100 | 1 |
_aSancho Corbacho, Antonio _97310 |
|
| 245 | 1 | 0 |
_aLa cerámica andaluza _bazulejos sevillanos del siglo XVI _cAntonio Sancho Corbacho. |
| 260 |
_aSevilla, España _bLaboratorio de Arte, Universidad de Sevilla _c1948 |
||
| 300 |
_a61 p. _bil. _c23 cm. |
||
| 500 | _aIncluye índice de personas y lugares e índice de láminas. | ||
| 500 | _aLa biblioteca tiene 2 ejemplares con el mismo número de inventario | ||
| 500 | _aA34 | ||
| 650 | 1 | 4 |
_aCerámica andaluza _97311 |
| 650 | 1 | 4 |
_aAzulejos españoles _97221 |
| 650 | 1 | 4 |
_aDecoración y ornamentación arquitectónicas _97312 |
| 650 | 1 | 4 |
_aCerámica _xHistoria _zEspaña _92051 |
| 902 | _aGFM | ||
| 942 |
_2lcc _cB |
||
| 999 |
_c2294 _d2294 |
||